000 00800cab a2200241 4500
001 WB3042-22
008 090401t1994 xxu||||| |||| 00| 0 eng d
035 _a(Sirsi) u77030
041 _aeng
245 _aSubsidy urged for green power
260 _c1994
350 _a0
490 _aFinancial Times
_v9 November 1994, 9
490 _aHerald
_v9 November 1994, 2(1)
520 _aMany types of renewable energy are too expensive to qualify for subsidies according to the industry regulator, Stephen Littlechild, director general Offer, the Office of Electricity Regulation.
650 _aALTERNATIVE SOURCES
650 _aGREEN POWER
650 _aRENEWABLE ENERGY
650 _aSUBSIDIES
690 _aENVIRONMENTAL AND LAND CONSULTANCY-ENERGY
942 _n0
948 _c04/03/1997
999 _c48401
_d48401